banner-ar

المدخل العملى لبرامج الحاسب الآلى / (Record no. 6295)

MARC details
000 -الفاتح
حقل البيانات ثابتة الطول 00621nam a2200193Ia 4500
008 - عناصر البيانات ثابتة الطول - معلومات عامة
حقل البيانات ثابتة الطول 140319s9999 xx 000 0 ara d
040 ## - مصدر الفهرسة
وكالة الفهرسة الأصلية GCL /
وكالة النسخ GCL
082 04 - رقم تصنيف ديوى العشرى
رقم التصنيف 005.3
رقم المادة ا م
100 1# - المدخل الرئيسى - إسم شخصى
الإسم الشخصى السعيد رمضان العشرى
245 10 - بيان العنوان
العنوان المدخل العملى لبرامج الحاسب الآلى /
بيان المسئوليه,etc السعيد رمضان العشرى
300 ## - الوصف المادى
التعداد 210 ص ؛
أبعاد الوعاء 25سم
650 04 - المدخل الاضافى بالموضوع-مصطلح موضوعى
مصطلح موضوعي ويندوز
650 04 - المدخل الاضافى بالموضوع-مصطلح موضوعى
مصطلح موضوعي الحاسبات الالكترونية - برامج
650 04 - المدخل الاضافى بالموضوع-مصطلح موضوعى
مصطلح موضوعي وورد
650 04 - المدخل الاضافى بالموضوع-مصطلح موضوعى
مصطلح موضوعي اكسل
942 ## - عناصر المدخل الإضافي( كوها)
مصدر التصنيف او مخطط الترفيف Dewey Decimal Classification
Koha [default] item type كتاب
260 ## - PUBLICATION, DISTRIBUTION, ETC. (IMPRINT)
-- القاهرة :
-- بستان المعرفة
Holdings
حالة التراجع حالة الفقد حالة تلف ليس للاعارة المكان المؤقت الموقع الحالى تاريخ الاكتساب اجمالي اﻻعارات رقم الطلب الباركود تاريخ اخر مشاهدة تاريخ تفعيل السعر نوع وعاء كوها
        مكتبة القاهرة الكبرى مكتبة القاهرة الكبرى 03/26/2014   005.3 \ ا م 13197 03/26/2014 03/26/2014 كتاب

Powered By

EGPV